Mountain Bike Brands by Logo - Statistics

General Stats
  • This quiz has been taken 65 times
  • The average score is 7 of 11
Answer Stats
Picture Answer % Correct
Rocky Mountain
91%
Santa Cruz
89%
Yeti
88%
Specialized
86%
GT
82%
YT
75%
Canyon
72%
Trek
70%
Ibis
40%
Giant
28%
Revel
19%
No matching quizzes found
Score Distribution
Percent of People with Each Score
Percentile by Number Answered
Your Score History
You have not taken this quiz